|
|
|
|
| LEADER |
00000nam2a2200000 4500 |
| 001 |
336659 |
| 005 |
20231102004857.0 |
| 035 |
|
|
|a (RuTPU)RU\TPU\book\363088
|
| 035 |
|
|
|a RU\TPU\book\363081
|
| 090 |
|
|
|a 336659
|
| 100 |
|
|
|a 20171019d1980 k y0rusy5003 ca
|
| 101 |
0 |
|
|a rus
|
| 102 |
|
|
|a RU
|
| 105 |
|
|
|a a z 001zd
|
| 200 |
0 |
|
|a Вып. 25 : Математика, механика
|f под ред. К. А. Рыбникова
|
| 210 |
|
|
|d 1980
|
| 215 |
|
|
|a 168 с.
|c ил.
|
| 320 |
|
|
|a Библиография в конце статей
|
| 461 |
|
1 |
|0 (RuTPU)RU\TPU\book\174595
|t История и методология естественных наук
|o сборник статей
|f Московский государственный университет им. М. В. Ломоносова (МГУ)
|v Вып. 25 : Математика, механика
|d 1960-1992
|
| 600 |
|
1 |
|a Кант
|b И.
|c родоначальник немецкой классической философии
|f 1724-1804
|g Иммануил
|2 stltpush
|3 (RuTPU)RU\TPU\pers\208
|9 105
|
| 600 |
|
1 |
|a Лексель
|b А. И.
|c российский астроном
|f 1740-1784
|g Андрей Иванович
|2 stltpush
|3 (RuTPU)RU\TPU\pers\16101
|9 5672
|
| 600 |
|
1 |
|a Галилей
|b Г.
|c итальянский учёный
|c один из основателей точного естествознания
|f 1564-1642
|g Галилео
|2 stltpush
|3 (RuTPU)RU\TPU\pers\94
|9 56
|
| 606 |
1 |
|
|a Естествознание
|x История
|2 stltpush
|3 (RuTPU)RU\TPU\subj\38880
|9 59129
|
| 606 |
1 |
|
|a Математические науки
|2 stltpush
|3 (RuTPU)RU\TPU\subj\67342
|9 83185
|
| 610 |
1 |
|
|a математика
|
| 610 |
1 |
|
|a методология
|
| 610 |
1 |
|
|a механика
|
| 610 |
1 |
|
|a неевклидова геометрия
|
| 610 |
1 |
|
|a проективная геометрия
|
| 610 |
1 |
|
|a векторы
|
| 610 |
1 |
|
|a теорема Ферма
|
| 610 |
1 |
|
|a алгебра логики
|
| 610 |
1 |
|
|a комбинаторный анализ
|
| 610 |
1 |
|
|a гидростатика
|
| 610 |
1 |
|
|a динамика
|
| 675 |
|
|
|a 50
|v 4
|
| 675 |
|
|
|a 51(09)
|v 4
|
| 702 |
|
1 |
|a Рыбников
|b К. А.
|4 340
|
| 801 |
|
1 |
|a RU
|b 63413507
|c 20090819
|
| 801 |
|
2 |
|a RU
|b 63413507
|c 20171023
|g RCR
|
| 942 |
|
|
|c BK
|